Sibylle /
保存先:
| 第一著者: | |
|---|---|
| その他の著者: | |
| フォーマット: | 図書 |
| 言語: | イタリア語 |
| 出版事項: |
Bellinzona :
Casagrande,
\2002!
|
| シリーズ: | Scrittori
|
| タグ: |
タグなし, このレコードへの初めてのタグを付けませんか!
|
MARC
| LEADER | 00000nam a2200000 i 4500 | ||
|---|---|---|---|
| 001 | IT\ICCU\RAV\0935442 | ||
| 003 | ItRI | ||
| 005 | 20260115231927.0 | ||
| 008 | 021026s2002 sz |||||| ||||| |||||c | ||
| 020 | |a 8877133686 | ||
| 040 | |b ita |c importazione bologna sebina | ||
| 041 | 7 | |a ita |2 ISO-639-2 | |
| 100 | 1 | |a Schwarzenbach, Annemarie |0 IT\ICCU\RMLV\035312 |4 aut | |
| 240 | 1 | 0 | |a Lyrische novelle. |3 IT\ICCU\RAV\0935443 |9 Schwarzenbach, Annemarie |
| 245 | 1 | 0 | |a Sibylle / |c Annemarie Schwarzenbach ; traduzione e postfazione di Daniela Idra. |
| 260 | |a Bellinzona : |b Casagrande, |c \2002! | ||
| 300 | |a 105 p. ; |c 22 cm. | ||
| 700 | 1 | |a Idra, Daniela |0 IT\ICCU\RAVV\086937 | |
| 830 | 0 | |a Scrittori |0 IT\ICCU\RAV\0661497 | |
| 942 | |2 ddc |c BK |n 0 | ||
| 952 | |0 0 |1 0 |4 0 |6 L_833_912000000000000_SCH |7 0 |9 16793 |a BO |b BO |d 2026-01-15 |i 12349 |l 0 |o L 833.912 SCH |p BO12349 |r 2026-01-15 23:19:27 |w 2026-01-15 |x [Sebina 5] [1 v.] |y BK |z 1 v. | ||
| 999 | |c 14353 |d 14353 | ||